| Tag |
First Indicator |
Second Indicator |
Subfields |
| LEADER |
00000cam a2200000 a 4500 |
| 001 |
in00000008786 |
| 005 |
20151003090032.0 |
| 008 |
861002s1987 mnua b 00110 eng |
| 010 |
|
|
|a 86026676
|
| 020 |
|
|
|a 0314852425 :
|c $24.00
|
| 035 |
|
|
|a (OCoLC)14412954
|
| 035 |
|
|
|9 AAA1198AM
|
| 040 |
|
|
|a DLC
|c DLC
|d m/c
|d TXA
|d UtOrBLW
|
| 050 |
0 |
0 |
|a HF5415.135
|b .G76 1987
|
| 082 |
0 |
|
|a 658.8/02
|2 19
|
| 100 |
1 |
|
|a Gross, Charles W.
|
| 245 |
1 |
0 |
|a Marketing :
|b concepts and decision making /
|c Charles W. Gross, Robin T. Peterson.
|
| 264 |
|
1 |
|a St. Paul :
|b West Pub. Co.,
|c [1987]
|
| 264 |
|
4 |
|c ©1987
|
| 300 |
|
|
|a xxviii, 700 pages :
|b illustrations (some color) ;
|c 26 cm.
|
| 336 |
|
|
|a text
|b txt
|2 rdacontent
|
| 337 |
|
|
|a unmediated
|b n
|2 rdamedia
|
| 338 |
|
|
|a volume
|b nc
|2 rdacarrier
|
| 504 |
|
|
|a Bibliography: pages 655-677.
|
| 500 |
|
|
|a Includes indexes.
|
| 650 |
|
0 |
|a Marketing
|x Decision making.
|
| 650 |
|
0 |
|a Marketing
|x Management.
|
| 700 |
1 |
|
|a Peterson, Robin.
|
| 999 |
|
|
|a MARS
|
| 999 |
f |
f |
|s 06d8e70f-8a3f-3fc4-8c9b-1198006d0178
|i 7e4663eb-5855-3d50-86f2-c29ee33c460b
|t 0
|
| 952 |
f |
f |
|p ric
|a Texas A&M University
|b Rellis Campus
|c Joint Library Facility
|d Remote Storage
|t 0
|e HF5415.135 .G76 1987
|h Library of Congress classification
|i unmediated -- volume
|m A14812570759
|
| 998 |
f |
f |
|a HF5415.135 .G76 1987
|t 0
|l Remote Storage
|